Модернизация и расширение лабораторно-аудиторной базы как способ реализации современных методов обучения в инженерном образовании; Уровневая подготовка специалистов: электронное обучение и открытые образовательные ресурсы
| Parent link: | Уровневая подготовка специалистов: электронное обучение и открытые образовательные ресурсы.— 2014.— [С. 306-308] |
|---|---|
| 1. Verfasser: | |
| Körperschaft: | |
| Zusammenfassung: | Заглавие с титульного листа. In this article we present examples of laboratory facilities they can improve individual work of students within the framework of problem-oriented system of teaching physics. |
| Sprache: | Russisch |
| Veröffentlicht: |
2014
|
| Schriftenreihe: | Образовательные ресурсы технического обучения опыт |
| Schlagworte: | |
| Online-Zugang: | http://earchive.tpu.ru/handle/11683/25658 http://www.lib.tpu.ru/fulltext/c/2014/C09/126.pdf |
| Format: | MixedMaterials Elektronisch Buchkapitel |
| KOHA link: | https://koha.lib.tpu.ru/cgi-bin/koha/opac-detail.pl?biblionumber=610229 |
MARC
| LEADER | 00000naa2a2200000 4500 | ||
|---|---|---|---|
| 001 | 610229 | ||
| 005 | 20260402094030.0 | ||
| 035 | |a (RuTPU)RU\TPU\conf\7825 | ||
| 035 | |a RU\TPU\conf\7823 | ||
| 090 | |a 610229 | ||
| 100 | |a 20150114d2014 k y0rusy50 ca | ||
| 101 | 0 | |a rus | |
| 102 | |a RU | ||
| 135 | |a drgn ---uucaa | ||
| 181 | 0 | |a i | |
| 182 | 0 | |a b | |
| 200 | 1 | |a Модернизация и расширение лабораторно-аудиторной базы как способ реализации современных методов обучения в инженерном образовании |d Modernization and expansion of laboratory and classroom facilities is method for the implementation of modern teaching methods in engineering education |f В. В. Пак | |
| 203 | |a Текст |c электронный | ||
| 225 | 1 | |a Образовательные ресурсы технического обучения опыт | |
| 300 | |a Заглавие с титульного листа. | ||
| 320 | |a [Библиогр.: с. 308 (5 назв.)] | ||
| 330 | |a In this article we present examples of laboratory facilities they can improve individual work of students within the framework of problem-oriented system of teaching physics. | ||
| 337 | |a Adobe Reader | ||
| 463 | 1 | |0 (RuTPU)RU\TPU\conf\7637 |t Уровневая подготовка специалистов: электронное обучение и открытые образовательные ресурсы |o сборник трудов I Всероссийской научно-методической конференции, 20-21 марта 2014 г., Томск |f Национальный исследовательский Томский политехнический университет (ТПУ) ; ред. кол. А. И. Чучалин [и др.] |v [С. 306-308] |d 2014 | |
| 510 | 1 | |a Modernization and expansion of laboratory and classroom facilities is method for the implementation of modern teaching methods in engineering education |z eng | |
| 610 | 1 | |a электронный ресурс | |
| 610 | 1 | |a труды учёных ТПУ | |
| 610 | 1 | |a модернизация | |
| 610 | 1 | |a расширение | |
| 610 | 1 | |a лабораторная база | |
| 610 | 1 | |a современные методы | |
| 610 | 1 | |a методы обучения | |
| 610 | 1 | |a образование | |
| 610 | 1 | |a лабораторное оборудование | |
| 610 | 1 | |a физика | |
| 700 | 1 | |a Пак |b В. В. |c физик |c ассистент Томского политехнического университета, инженер |f 1979- |g Виктория Вячеславовна |3 (RuTPU)RU\TPU\pers\31748 | |
| 712 | 0 | 2 | |a Национальный исследовательский Томский политехнический университет (ТПУ) |b Физико-технический институт (ФТИ) |b Кафедра общей физики (ОФ) |3 (RuTPU)RU\TPU\col\18734 |
| 801 | 2 | |a RU |b 63413507 |c 20210408 |g RCR | |
| 856 | 4 | |u http://earchive.tpu.ru/handle/11683/25658 | |
| 856 | 4 | |u http://www.lib.tpu.ru/fulltext/c/2014/C09/126.pdf | |
| 942 | |c BK | ||